000 00871nac a22002537a 4500
001 BR7703281
003 BR-BrBNA
005 20240205125427.0
008 230509b bl.|||m| |||| 00| 0 por d
040 _aBR-BrBNA
_bpor
_cBiblioteca Nacional de Agricultura
072 _aA50
090 _aA50
_bBR7703281
110 1 _aUnidade de Execucao de Pesquisa de Ambito Estadual de Bacabal, MA (Brasil)
_910345
245 1 _aRelatorio trimestral [Unidade de Execucao de Pesquisa de Ambito Estadual de Bacabal; Maranhao; Brasil]
260 3 _aBacabal, MA (Brasil):
_c1977.
300 _a27 p.
490 _aRelatorio Trimestral - Unidade de Execucao de Pesquisa de Ambito Estadual de Bacabal (Brazil)
_vno. 2
500 _a9 tables
650 _aPesquisa
650 _aPrograma de pesquisa
650 _aPesquisa agricola
650 _aMaranhao
942 _2AGRIS
_n0
_cMS
999 _c267338
_d267338